[Event "KGZ-ch"]
[Site "Bishkek"]
[Date "2022.05.08"]
[Round "9"]
[White "Zhakshylykov, Erzhan"]
[Black "Takyrbashev, Bolot"]
[Result "1-0"]
[WhiteElo "2343"]
[BlackElo "2145"]
[PlyCount "101"]
[EventDate "2022.04.30"]
[EventType "swiss"]
[EventRounds "11"]
[EventCountry "KGZ"]
[SourceTitle "EXT 2023"]
[Source "ChessBase"]
[SourceDate "2022.10.05"]
[SourceVersion "1"]
[SourceVersionDate "2022.10.05"]
[SourceQuality "1"]

1. d4 Nf6 2. c4 g6 3. Nf3 Bg7 4. g3 d6 5. Bg2 0-0 6. 0-0 c5 7. dxc5 dxc5 8. Ne5 Nbd7 9. Nd3 Qc7 10. Nc3 a6 11. Be3 Rb8 12. Rc1 b6 13. b4 Bb7 14. Nd5 Qd6 15. bxc5 bxc5 16. Nxf6+ Bxf6 17. Bxb7 Rxb7 18. Qa4 Rc8 19. Rb1 Qb8 20. Rb3 Bd4 21. Bxd4 cxd4 22. Qxa6 Rxb3 23. axb3 e5 24. b4 e4 25. Nf4 Ne5 26. Nd5 Rf8 27. Nf6+ Kh8 28. Nxe4 f5 29. Ng5 h6 30. Nf3 Nxf3+ 31. exf3 Kg7 32. Rd1 Rd8 33. b5 Qe5 34. Qb6 Rd7 35. Qc6 Rc7 36. Qd5 Qxd5 37. cxd5 Kf7 38. Rxd4 Rb7 39. d6 Ke6 40. Kf1 Kd7 41. Rd5 Ra7 42. Rc5 Ra1+ 43. Kg2 Rd1 44. Rc7+ Ke6 45. b6 Rxd6 46. b7 Rb6 47. Rc6+ Rxc6 48. b8Q h5 49. Qe8+ Kd5 50. f4 Rd6 51. Kh3 1-0

[Event "KGZ-ch"]
[Site "Bishkek"]
[Date "2022.05.06"]
[Round "7"]
[White "Takyrbashev, Bolot"]
[Black "Maznitsin, Andrei"]
[Result "1-0"]
[WhiteElo "2145"]
[BlackElo "2243"]
[PlyCount "99"]
[EventDate "2022.04.30"]
[EventType "swiss"]
[EventRounds "11"]
[EventCountry "KGZ"]
[SourceTitle "EXT 2023"]
[Source "ChessBase"]
[SourceDate "2022.10.05"]
[SourceVersion "1"]
[SourceVersionDate "2022.10.05"]
[SourceQuality "1"]

1. e4 c6 2. Nc3 d5 3. Nf3 dxe4 4. Nxe4 Nf6 5. Bd3 Nxe4 6. Bxe4 Nd7 7. d4 Nf6 8. Bd3 Bg4 9. c3 e6 10. 0-0 Be7 11. a4 0-0 12. a5 c5 13. Be2 Qc7 14. dxc5 Bxc5 15. Qa4 h6 16. h3 Bf5 17. Bf4 Qe7 18. b4 Bd6 19. Bxd6 Qxd6 20. Rfd1 Qf4 21. Rd4 Qc7 22. c4 a6 23. Qa3 Rfd8 24. Rad1 Ne4 25. Qe3 Nf6 26. Ne5 Qe7 27. Rxd8+ Rxd8 28. Rxd8+ Qxd8 29. Bf3 Qe7 30. c5 Nd5 31. Qd4 Qg5 32. Bxd5 exd5 33. Qe3 Qh4 34. Qd2 d4 35. Nf3 Qh5 36. Nxd4 Be4 37. f3 Bd5 38. Qf4 f6 39. Nf5 Qf7 40. Qd6 Kh7 41. Ne7 Bc4 42. Qd7 Bb5 43. Qxb7 f5 44. Qc7 Qe6 45. Qd6 Qe1+ 46. Kh2 f4 47. Qg6+ Kh8 48. Nd5 Qd2 49. Qf5 Kg8 50. Ne7+ 1-0

[Event "KGZ-ch"]
[Site "Bishkek"]
[Date "2022.05.03"]
[Round "4"]
[White "Isirailov, Nurgazy"]
[Black "Takyrbashev, Bolot"]
[Result "0-1"]
[WhiteElo "1728"]
[BlackElo "2145"]
[PlyCount "90"]
[EventDate "2022.04.30"]
[EventType "swiss"]
[EventRounds "11"]
[EventCountry "KGZ"]
[SourceTitle "EXT 2023"]
[Source "ChessBase"]
[SourceDate "2022.10.05"]
[SourceVersion "1"]
[SourceVersionDate "2022.10.05"]
[SourceQuality "1"]

1. Nf3 d6 2. g3 h5 3. h4 e5 4. d3 Nc6 5. Bg2 Bf5 6. c3 Qd7 7. b4 a6 8. Nbd2 Nh6 9. Qa4 g6 10. Ng5 f6 11. Bxc6 Qxc6 12. Qxc6+ bxc6 13. Nge4 Be7 14. Nb3 Bxe4 15. dxe4 f5 16. Bxh6 Rxh6 17. exf5 gxf5 18. 0-0-0 0-0-0 19. e3 Rg8 20. Rd3 Rhg6 21. Rh3 Rg4 22. Kc2 Kb7 23. Na5+ Kb6 24. Kb3 c5 25. Nc4+ Kb5 26. a4+ Kc6 27. Na5+ Kd7 28. b5 axb5 29. axb5 Ra8 30. Nc4 Ke6 31. f3 e4 32. fxg4 fxg4 33. Rd2 gxh3 34. Rh2 d5 35. Nd2 c4+ 36. Kb2 Rf8 37. Rxh3 Rf2 38. Kc2 Bc5 39. g4 hxg4 40. Rg3 Kf5 41. Kd1 Bd6 42. Rg1 Bh2 43. Re1 Be5 44. Rf1 Rxf1+ 45. Nxf1 g3 0-1

[Event "KGZ-ch"]
[Site "Bishkek"]
[Date "2017.03.11"]
[Round "9"]
[White "Taalaibekov, Tagir"]
[Black "Takyrbashev, Bolot"]
[Result "1-0"]
[WhiteElo "2188"]
[BlackElo "2242"]
[PlyCount "81"]
[EventDate "2017.03.03"]
[EventType "swiss"]
[EventRounds "9"]
[EventCountry "KGZ"]
[SourceTitle "CBM 177 Extra"]
[Source "ChessBase"]
[SourceDate "2017.04.27"]
[SourceVersion "1"]
[SourceVersionDate "2017.04.27"]
[SourceQuality "1"]

1. d4 Nf6 2. Bf4 e6 3. Nf3 c5 4. c3 b6 5. e3 Be7 6. h3 0-0 7. Nbd2 Ba6 8. Bxa6 Nxa6 9. 0-0 d5 10. Qe2 Nb8 11. dxc5 bxc5 12. e4 Qb6 13. exd5 Nxd5 14. Be5 Nc6 15. Rab1 Qa5 16. a3 Nb6 17. Rfd1 Qa4 18. Bg3 Rac8 19. Ne4 Rfd8 20. Bd6 Bxd6 21. Nxd6 Rc7 22. b3 Qf4 23. Ne4 c4 24. Rxd8+ Nxd8 25. Rd1 Rd7 26. Rxd7 Nxd7 27. Qxc4 Qc1+ 28. Kh2 Qf4+ 29. Kh1 Qc1+ 30. Ng1 Qxa3 31. Qc7 Qe7 32. Qxa7 Kf8 33. Qc7 f5 34. Nd6 Ne5 35. Qb6 Nd3 36. Nc4 Nc5 37. Ne2 Ne4 38. f3 Nf6 39. Nf4 Kg8 40. Qb8 Qe8 41. b4 1-0

[Event "KGZ-ch"]
[Site "Bishkek"]
[Date "2017.03.09"]
[Round "7"]
[White "Isakjanov, Kelsinbek"]
[Black "Takyrbashev, Bolot"]
[Result "1/2-1/2"]
[WhiteElo "2060"]
[BlackElo "2242"]
[PlyCount "121"]
[EventDate "2017.03.03"]
[EventType "swiss"]
[EventRounds "9"]
[EventCountry "KGZ"]
[SourceTitle "CBM 177 Extra"]
[Source "ChessBase"]
[SourceDate "2017.04.27"]
[SourceVersion "1"]
[SourceVersionDate "2017.04.27"]
[SourceQuality "1"]

1. d4 e6 2. Nf3 Nf6 3. c4 Bb4+ 4. Bd2 c5 5. e3 0-0 6. Bd3 Bxd2+ 7. Qxd2 cxd4 8. exd4 d5 9. 0-0 dxc4 10. Bxc4 Nc6 11. Nc3 b6 12. Rad1 Bb7 13. Qe2 Nb4 14. Ne5 Rc8 15. f4 Nbd5 16. f5 exf5 17. Rxf5 Nxc3 18. bxc3 Bd5 19. Rdf1 Bxc4 20. Nxc4 Nd5 21. Qf3 Rxc4 22. Rxd5 Qc7 23. Rg5 g6 24. Rg3 Rc8 25. Qf2 Qd7 26. Rf3 R8c7 27. Qg3 Qd8 28. Qe5 Rxc3 29. Rf4 Re7 30. Qf6 Qd7 31. d5 Rd3 32. Rd4 Rxd4 33. Qxd4 Qd6 34. Rc1 Re5 35. Rc8+ Kg7 36. Re8 f6 37. Ra8 Re7 38. Kf2 Rd7 39. Re8 Qc5 40. Qxc5 bxc5 41. Rc8 Rxd5 42. Rc7+ Kh6 43. Rxa7 Kg5 44. a4 h5 45. Rc7 Kf4 46. a5 Rd2+ 47. Kf1 Rc2 48. Rc6 Ke3 49. Re6+ Kd4 50. Rxf6 c4 51. Rxg6 Ra2 52. Ke1 Kd3 53. a6 c3 54. Rd6+ Kc2 55. Rb6 Ra4 56. Ke2 Kc1 57. g3 Ra2+ 58. Kd3 c2 59. Ke2 Ra5 60. Re6 Ra3 61. Rb6 1/2-1/2

[Event "KGZ-ch"]
[Site "Bishkek"]
[Date "2017.03.06"]
[Round "4"]
[White "Takyrbashev, Bolot"]
[Black "Tologontegin, Semetey"]
[Result "0-1"]
[WhiteElo "2242"]
[BlackElo "2428"]
[PlyCount "100"]
[EventDate "2017.03.03"]
[EventType "swiss"]
[EventRounds "9"]
[EventCountry "KGZ"]
[SourceTitle "CBM 177 Extra"]
[Source "ChessBase"]
[SourceDate "2017.04.27"]
[SourceVersion "1"]
[SourceVersionDate "2017.04.27"]
[SourceQuality "1"]

1. e4 c5 2. Nf3 e6 3. g3 Nc6 4. Bg2 Nf6 5. d3 d5 6. Nbd2 Be7 7. 0-0 0-0 8. Re1 Qc7 9. e5 Nd7 10. Qe2 b5 11. h4 a5 12. c3 b4 13. c4 Nb6 14. b3 a4 15. Rb1 axb3 16. axb3 Ra2 17. Bb2 Bd7 18. Qe3 Rd8 19. Qf4 f5 20. g4 Rf8 21. gxf5 Rxf5 22. Qg3 Qd8 23. Bh3 Rh5 24. Bg4 Bxh4 25. Nxh4 Rxh4 26. Nf3 Rh6 27. Bc1 Rg6 28. Nh4 Rxg4 29. Qxg4 Qf8 30. Nf3 Nd4 31. Nd2 dxc4 32. dxc4 Rxd2 33. Bxd2 Nf3+ 34. Kg2 Nxd2 35. Rb2 h5 36. Qxh5 Bc6+ 37. Kg3 Ne4+ 38. Rxe4 Bxe4 39. f3 Bc6 40. Rd2 Nc8 41. Rh2 Ne7 42. Qh7+ Kf7 43. Qh5+ g6 44. Qh7+ Qg7 45. Kg4 Nf5 46. Kg5 Nd4 47. Qxg7+ Kxg7 48. Ra2 Nxf3+ 49. Kf4 g5+ 50. Ke3 Nd4 0-1

[Event "KGZ-ch"]
[Site "Bishkek"]
[Date "2017.03.05"]
[Round "3"]
[White "Abdyzhaparov, Aydar"]
[Black "Takyrbashev, Bolot"]
[Result "0-1"]
[WhiteElo "2092"]
[BlackElo "2242"]
[PlyCount "72"]
[EventDate "2017.03.03"]
[EventType "swiss"]
[EventRounds "9"]
[EventCountry "KGZ"]
[SourceTitle "CBM 177 Extra"]
[Source "ChessBase"]
[SourceDate "2017.04.27"]
[SourceVersion "1"]
[SourceVersionDate "2017.04.27"]
[SourceQuality "1"]

1. d4 Nf6 2. Bg5 Ne4 3. Bh4 c5 4. f3 g5 5. fxe4 gxh4 6. e3 Qb6 7. b3 Bh6 8. Qd3 Nc6 9. c3 d6 10. Nf3 h3 11. g3 Bg4 12. Nbd2 cxd4 13. exd4 Qa5 14. Nc4 Qh5 15. Be2 f5 16. e5 d5 17. Ne3 Bxf3 18. Nxd5 Bxe2 19. Qxe2 Qxe2+ 20. Kxe2 0-0-0 21. Nf4 Bxf4 22. gxf4 Rhg8 23. Rhg1 Rg2+ 24. Rxg2 hxg2 25. Rg1 Rg8 26. d5 Nb8 27. Kf3 Na6 28. Rxg2 Rxg2 29. Kxg2 b5 30. Kg3 e6 31. d6 Nc5 32. Kh4 Nd3 33. Kg3 Kd7 34. Kf3 Nc1 35. Ke3 Nxa2 36. b4 Nxc3 0-1

[Event "Olympiad-41"]
[Site "Tromsoe"]
[Date "2014.08.12"]
[Round "10.3"]
[White "Takyrbashev, Bolot"]
[Black "Masango, Spencer"]
[Result "1-0"]
[WhiteElo "2229"]
[BlackElo "2155"]
[PlyCount "133"]
[EventDate "2014.08.02"]
[EventType "team-swiss"]
[EventRounds "11"]
[EventCountry "NOR"]
[SourceTitle "CBM 162"]
[Source "ChessBase"]
[SourceDate "2014.09.17"]
[SourceVersion "1"]
[SourceVersionDate "2014.09.17"]
[SourceQuality "1"]
[WhiteTeam "Kyrgyzstan"]
[BlackTeam "Zimbabwe"]
[WhiteTeamCountry "KGZ"]
[BlackTeamCountry "ZIM"]

1. d4 Nf6 2. c4 e6 3. Nc3 d5 4. Bg5 Be7 5. e3 0-0 6. Nf3 Nbd7 7. Rc1 c6 8. Bd3 Re8 9. 0-0 Bd6 10. Qc2 h6 11. Bh4 dxc4 12. Bxc4 Qa5 13. Rfd1 Qh5 14. Ne2 Nh7 15. Ng3 Bxg3 16. Bxg3 Nhf8 17. e4 Qa5 18. Bd3 Ng6 19. d5 exd5 20. exd5 Ndf8 21. dxc6 bxc6 22. Qxc6 Bg4 23. a3 Bxf3 24. Qxf3 Ne5 25. Bxe5 Qxe5 26. b4 Rad8 27. g3 Ne6 28. Qf5 Qxf5 29. Bxf5 Nd4 30. Bd3 Re7 31. Kg2 g6 32. Bb5 Rd6 33. Bf1 Kg7 34. Rc4 Red7 35. Kh1 g5 36. g4 Kf6 37. Rc5 Re7 38. Kg2 Re4 39. h3 Kg7 40. Rc7 Rf6 41. Rc4 Rd6 42. a4 Rf4 43. b5 h5 44. gxh5 Kh6 45. Rb4 Ne6 46. Rxd6 Rxb4 47. Ra6 Kxh5 48. Rxa7 Nf4+ 49. Kg3 Rb3+ 50. f3 Kg6 51. Kf2 Rb2+ 52. Ke3 Rb3+ 53. Kd4 Ne6+ 54. Kc4 Rxf3 55. Bd3+ Kf6 56. b6 Rf4+ 57. Kc3 Nc5 58. Bc4 Ke5 59. b7 Rf3+ 60. Kb4 Nxb7 61. Rxb7 Rxh3 62. Rxf7 Rh1 63. a5 Rb1+ 64. Kc5 g4 65. a6 g3 66. Rg7 Rb8 67. Rxg3 1-0

[Event "Olympiad-41"]
[Site "Tromsoe"]
[Date "2014.08.03"]
[Round "2.3"]
[White "Su, Haifeng"]
[Black "Takyrbashev, Bolot"]
[Result "0-1"]
[WhiteElo "1724"]
[BlackElo "2229"]
[PlyCount "74"]
[EventDate "2014.08.02"]
[EventType "team-swiss"]
[EventRounds "11"]
[EventCountry "NOR"]
[SourceTitle "CBM 162"]
[Source "ChessBase"]
[SourceDate "2014.09.17"]
[SourceVersion "1"]
[SourceVersionDate "2014.09.17"]
[SourceQuality "1"]
[WhiteTeam "Guyana"]
[BlackTeam "Kyrgyzstan"]
[WhiteTeamCountry "GUY"]
[BlackTeamCountry "KGZ"]

1. e4 c5 2. Nf3 Nc6 3. d4 cxd4 4. Nxd4 g6 5. Nxc6 bxc6 6. Bc4 Nf6 7. Nc3 Bg7 8. 0-0 0-0 9. Be3 Nxe4 10. Nxe4 d5 11. Bd3 dxe4 12. Bxe4 Ba6 13. Qxd8 Rfxd8 14. Rfd1 Bxb2 15. Rxd8+ Rxd8 16. Rb1 Bc4 17. g3 Bc3 18. a4 a5 19. Bxc6 Rc8 20. Be4 f5 21. Bb7 Rd8 22. Bf3 e5 23. Rd1 Rxd1+ 24. Bxd1 Kf7 25. f3 Bd5 26. Be2 Bc6 27. Bc4+ Kf6 28. Bb3 Bxf3 29. Kf2 Be4 30. h4 Ke7 31. Bc5+ Kd7 32. Ke2 f4 33. gxf4 exf4 34. Bf8 Bd4 35. Bh6 f3+ 36. Kd2 f2 37. Bc4 Bg2 0-1

[Event "KGZ-ch"]
[Site "Bishkek"]
[Date "2014.05.27"]
[Round "11"]
[White "Takyrbashev, Bolot"]
[Black "Kachiev, Eldar"]
[Result "1-0"]
[WhiteElo "2248"]
[BlackElo "2025"]
[PlyCount "137"]
[EventDate "2014.05.17"]
[EventType "tourn"]
[EventRounds "11"]
[EventCountry "KGZ"]
[SourceTitle "EXT 2016"]
[Source "ChessBase"]
[SourceDate "2015.10.08"]
[SourceVersion "1"]
[SourceVersionDate "2015.10.08"]
[SourceQuality "1"]

1. c4 e6 2. d4 d5 3. Nc3 Nf6 4. Bg5 c6 5. e3 Nbd7 6. Nf3 Qa5 7. Nd2 Bb4 8. Qc2 dxc4 9. Bxf6 Nxf6 10. Nxc4 Qc7 11. Bd3 0-0 12. 0-0 h6 13. f4 a6 14. a3 Be7 15. b4 b6 16. Ne5 Bb7 17. Ne4 Rac8 18. Nxf6+ Bxf6 19. Qe2 a5 20. bxa5 bxa5 21. Rac1 Be7 22. f5 exf5 23. Bxf5 Rcd8 24. Bb1 Rd6 25. Qc2 g6 26. Ba2 Kg7 27. Rxf7+ Rxf7 28. Bxf7 Rf6 29. Rf1 Qd6 30. Rxf6 Qxf6 31. Qb3 Ba6 32. Bc4 Bc8 33. Qb8 Be6 34. Bxe6 Qxe6 35. Qe8 c5 36. a4 cxd4 37. exd4 h5 38. Qd7 Qxd7 39. Nxd7 Bd6 40. Nb6 Kf6 41. Nc4 Bc7 42. Kf2 Ke6 43. Ke3 Kd5 44. Kd3 Bxh2 45. Nxa5 Bg1 46. Nb3 g5 47. a5 h4 48. a6 Kc6 49. Nc5 Kb6 50. Nd7+ Kxa6 51. Ne5 Bf2 52. Ke4 Kb6 53. Ng4 Be1 54. Kf5 Kc6 55. Ke6 Bg3 56. Nf6 Bf4 57. Ng4 Bg3 58. Ne3 Bf4 59. Nf5 Bh2 60. d5+ Kc5 61. d6 Bxd6 62. Nxd6 g4 63. Ke5 Kb4 64. Ne4 h3 65. g3 h2 66. Nf2 Kc3 67. Kf4 Kd2 68. Kxg4 Ke1 69. Kh3 1-0

[Event "KGZ-ch"]
[Site "Bishkek"]
[Date "2014.05.22"]
[Round "6"]
[White "Takyrbashev, Bolot"]
[Black "Markov, Mikhail2222"]
[Result "1/2-1/2"]
[WhiteElo "2248"]
[BlackElo "2303"]
[PlyCount "87"]
[EventDate "2014.05.17"]
[EventType "tourn"]
[EventRounds "11"]
[EventCountry "KGZ"]
[SourceTitle "EXT 2016"]
[Source "ChessBase"]
[SourceDate "2015.10.08"]
[SourceVersion "1"]
[SourceVersionDate "2015.10.08"]
[SourceQuality "1"]

1. e4 c5 2. Nf3 d6 3. Bb5+ Bd7 4. Bxd7+ Qxd7 5. 0-0 Nc6 6. c4 g6 7. d4 cxd4 8. Nxd4 Bg7 9. Nc2 Nf6 10. Nc3 0-0 11. f3 a6 12. Be3 Ne5 13. b3 b5 14. cxb5 axb5 15. Bd4 Qb7 16. Qe2 Rfc8 17. Nb4 Rab8 18. Rac1 Nc6 19. Nxc6 Rxc6 20. Qd2 Rbc8 21. Ne2 e5 22. Bf2 Rxc1 23. Rxc1 Rxc1+ 24. Qxc1 d5 25. exd5 Nxd5 26. Ng3 f5 27. Nf1 e4 28. fxe4 fxe4 29. Qd1 h5 30. Bd4 Bf8 31. Qe1 Nb4 32. Qg3 Kh7 33. Qe5 Bg7 34. Qxg7+ Qxg7 35. Bxg7 Kxg7 36. a4 bxa4 37. bxa4 Kf6 38. Kf2 Kg5 39. Ke3 Nd5+ 40. Kd2 Nb6 41. Ke3 Nxa4 42. Nd2 Nc5 43. Nc4 Kf5 44. Nb6 1/2-1/2

[Event "KGZ-ch"]
[Site "Bishkek"]
[Date "2014.05.19"]
[Round "3"]
[White "Mamatov, Melis"]
[Black "Takyrbashev, Bolot"]
[Result "1/2-1/2"]
[WhiteElo "2009"]
[BlackElo "2248"]
[PlyCount "182"]
[EventDate "2014.05.17"]
[EventType "tourn"]
[EventRounds "11"]
[EventCountry "KGZ"]
[SourceTitle "EXT 2016"]
[Source "ChessBase"]
[SourceDate "2015.10.08"]
[SourceVersion "1"]
[SourceVersionDate "2015.10.08"]
[SourceQuality "1"]

1. e4 c5 2. f4 Nc6 3. Nf3 g6 4. g3 Bg7 5. Bg2 d6 6. d3 Nf6 7. 0-0 Bg4 8. h3 Bxf3 9. Qxf3 0-0 10. c3 Rc8 11. Na3 a6 12. Nc2 b5 13. Bd2 Nd7 14. Ne3 Nb6 15. Rab1 b4 16. Nd5 Nd7 17. h4 e6 18. Ne3 f5 19. Qe2 Nf6 20. Rbd1 h5 21. Be1 Kh7 22. Nc2 a5 23. Bf2 Ng4 24. d4 Nxf2 25. Qxf2 cxd4 26. Nxd4 Nxd4 27. cxd4 d5 28. e5 Rc4 29. Rfe1 Qb6 30. Bf1 Rc6 31. Rd2 Rfc8 32. Qe2 Bf8 33. Qb5 Qa7 34. Qa4 Be7 35. Bb5 R6c7 36. Kg2 b3 37. a3 Rc2 38. Red1 Qc7 39. Qxb3 Rxd2+ 40. Rxd2 Qc1 41. Qd1 Qxd1 42. Rxd1 Rc2+ 43. Kf1 Rxb2 44. Bd7 Rb6 45. a4 Kg7 46. Rc1 Kf7 47. Bb5 Bd8 48. Rc8 Ke7 49. Ke2 Rb7 50. Kd2 Rc7 51. Ra8 Rb7 52. Ra6 Bb6 53. Kd3 Rb8 54. Bc6 Kd8 55. Ra8 Rxa8 56. Bxa8 Kc7 57. Kc3 Ba7 58. Kd3 Bb8 59. Ke3 Kb6 60. Kf3 Bc7 61. Kf2 Bd8 62. Kf3 Be7 63. Ke2 Bb4 64. Kf2 Bc3 65. Ke3 Kc7 66. Kf2 Bxd4+ 67. Kf3 Bc3 68. Kf2 Kb6 69. Kf1 d4 70. Bf3 Kc5 71. Be2 Kb4 72. Bb5 d3 73. Bxd3 Kxa4 74. Bc4 Ka3 75. Bxe6 a4 76. Bf7 Kb2 77. Bxg6 a3 78. Bf7 a2 79. Bxa2 Kxa2 80. e6 Bf6 81. Ke2 Kb3 82. Kd3 Kb4 83. e7 Bxe7 84. Kd4 Bc5+ 85. Ke5 Bf2 86. Kxf5 Bxg3 87. Kg5 Bxf4+ 88. Kxf4 Kc5 89. Kg5 Kd6 90. Kxh5 Ke7 91. Kg6 Kf8 1/2-1/2

[Event "KGZ-ch"]
[Site "Bishkek"]
[Date "2014.05.17"]
[Round "1"]
[White "Kobenov, Omurbek"]
[Black "Takyrbashev, Bolot"]
[Result "0-1"]
[WhiteElo "1600"]
[BlackElo "2248"]
[PlyCount "84"]
[EventDate "2014.05.17"]
[EventType "tourn"]
[EventRounds "11"]
[EventCountry "KGZ"]
[SourceTitle "EXT 2016"]
[Source "ChessBase"]
[SourceDate "2015.10.08"]
[SourceVersion "1"]
[SourceVersionDate "2015.10.08"]
[SourceQuality "1"]

1. Nc3 d5 2. d4 Nf6 3. Bg5 g6 4. Nf3 Bg7 5. h3 Ne4 6. Bf4 Nxc3 7. bxc3 c5 8. e3 Qa5 9. Qd2 Nd7 10. c4 Qxd2+ 11. Kxd2 cxd4 12. exd4 dxc4 13. Bxc4 0-0 14. c3 Nb6 15. Bb3 Bd7 16. Rhe1 e6 17. Ne5 Bb5 18. a4 Bxe5 19. Bxe5 Bc4 20. a5 Bxb3 21. axb6 axb6 22. Bf6 h6 23. g4 b5 24. h4 Ra4 25. Reb1 Rfa8 26. Rxa4 bxa4 27. g5 a3 28. Kd3 a2 29. Ra1 Ra4 30. f4 Bc4+ 31. Kc2 Ra5 32. Be7 Rb5 33. Bb4 f6 34. Kb2 Rf5 35. Bd6 hxg5 36. hxg5 fxg5 37. Rg1 gxf4 38. Rxg6+ Kf7 39. Rg2 f3 40. Rf2 Kg6 41. Ka1 Rh5 42. Bh2 Rb5 0-1

[Event "Osh zt 3.4"]
[Site "Osh"]
[Date "2013.06.12"]
[Round "6"]
[White "Khamrakulov, Djurabek"]
[Black "Takyrbashev, Bolot"]
[Result "1-0"]
[WhiteElo "2445"]
[BlackElo "2242"]
[PlyCount "113"]
[EventDate "2013.06.07"]
[EventType "swiss"]
[EventRounds "9"]
[EventCountry "KGZ"]
[SourceTitle "CBM 154 Extra"]
[Source "ChessBase"]
[SourceDate "2013.06.25"]
[SourceVersion "2"]
[SourceVersionDate "2013.06.25"]
[SourceQuality "1"]

1. e4 c5 2. c3 d5 3. exd5 Qxd5 4. d4 Nc6 5. Nf3 Bg4 6. Be2 e6 7. h3 Bh5 8. c4 Qd7 9. g4 Bg6 10. d5 Nd4 11. Nxd4 cxd4 12. Qxd4 Nf6 13. Nc3 Bb4 14. Bg5 Be7 15. c5 0-0 16. Bb5 Qc8 17. d6 Bd8 18. 0-0 h6 19. Bf4 Nd7 20. b4 Bf6 21. Qe3 e5 22. Bg3 Bg5 23. f4 exf4 24. Bxf4 Re8 25. Qd2 Re5 26. Rae1 Rxe1 27. Rxe1 Bh4 28. Re7 Bxe7 29. dxe7 Nf6 30. Nd5 Ne4 31. Qd4 Qe6 32. e8Q+ Rxe8 33. Nc7 Ng5 34. Nxe6 Nf3+ 35. Kf2 Nxd4 36. Nxd4 Re4 37. Be3 h5 38. Be2 hxg4 39. hxg4 Re7 40. Bf3 Be4 41. Nf5 Re6 42. Nd6 Bxf3 43. Kxf3 b6 44. b5 bxc5 45. Bxc5 Kh7 46. a4 Kg6 47. Nc8 Re1 48. Bxa7 Ra1 49. Ne7+ Kh7 50. Be3 Rxa4 51. b6 Rb4 52. g5 g6 53. Nd5 Rb5 54. Ke4 Kg7 55. Ke5 f6+ 56. gxf6+ Kf7 57. Kd6 1-0

[Event "KGZ-ch"]
[Site "Bishkek"]
[Date "2013.05.13"]
[Round "5"]
[White "Takyrbashev, Bolot"]
[Black "Kachiev, Eldar"]
[Result "1-0"]
[WhiteElo "2234"]
[BlackElo "2050"]
[PlyCount "55"]
[EventDate "2013.05.09"]
[EventType "swiss"]
[EventRounds "11"]
[EventCountry "KGZ"]
[SourceTitle "CBM 154 Extra"]
[Source "ChessBase"]
[SourceDate "2013.06.25"]
[SourceVersion "2"]
[SourceVersionDate "2013.06.25"]
[SourceQuality "1"]

1. e4 e5 2. Nf3 Nf6 3. Nc3 Nc6 4. d4 exd4 5. Nxd4 Bc5 6. Nb3 Bb4 7. Bd3 d5 8. exd5 Nxd5 9. Bd2 Nxc3 10. bxc3 Qe7+ 11. Qe2 Qxe2+ 12. Bxe2 Bd6 13. Nd4 Bd7 14. Nb5 0-0 15. Nxd6 cxd6 16. 0-0-0 Be6 17. Bf4 Bxa2 18. Kb2 Be6 19. Bxd6 Rfd8 20. c4 Rac8 21. c5 Rd7 22. Bb5 b6 23. cxb6 Rb7 24. Bc5 axb6 25. Bxc6 Rbc7 26. Bxb6 Rb8 27. Rd8+ Rxd8 28. Bxc7 1-0

[Event "Olympiad-40"]
[Site "Istanbul"]
[Date "2012.09.09"]
[Round "11.4"]
[White "Kalezic, Blazo"]
[Black "Takyrbashev, Bolot"]
[Result "0-1"]
[WhiteElo "2438"]
[BlackElo "2195"]
[PlyCount "116"]
[EventDate "2012.08.28"]
[EventType "team-swiss"]
[EventRounds "11"]
[EventCountry "TUR"]
[SourceTitle "CBM 151"]
[Source "ChessBase"]
[SourceDate "2012.11.13"]
[SourceVersion "1"]
[SourceVersionDate "2012.11.13"]
[SourceQuality "1"]
[WhiteTeam "Montenegro"]
[BlackTeam "Kyrgyzstan"]
[WhiteTeamCountry "MNE"]
[BlackTeamCountry "KGZ"]

1. e4 c5 2. d3 Nc6 3. g3 g6 4. Bg2 Bg7 5. f4 d6 6. Nf3 Nf6 7. 0-0 0-0 8. c3 Rb8 9. h3 b5 10. a3 a5 11. g4 c4 12. e5 dxe5 13. fxe5 Nd5 14. d4 f6 15. exf6 exf6 16. a4 b4 17. Qe2 Nb6 18. Rd1 Re8 19. Qf1 Ne7 20. cxb4 axb4 21. a5 Nbd5 22. Qxc4 Be6 23. Qf1 Qc7 24. Re1 Bd7 25. Qf2 Bb5 26. Bf1 Bxf1 27. Qxf1 Nc6 28. Rxe8+ Rxe8 29. Nbd2 Ne3 30. Qf2 Nc2 31. Rb1 N6xd4 32. Nxd4 Nxd4 33. Nf1 Ne2+ 34. Kg2 Nxc1 35. Ng3 Nd3 36. Qd2 Nf4+ 37. Kh2 Rd8 38. Qf2 h5 39. Rf1 g5 40. Qb6 Qxb6 41. axb6 Rb8 42. Rd1 hxg4 43. hxg4 Bf8 44. Nf5 Rxb6 45. Kg3 Rc6 46. Rd2 Rc1 47. Kf3 Ng6 48. Ne3 Ne5+ 49. Ke4 Re1 50. Rd1 Re2 51. Kd4 Rxb2 52. Rc1 b3 53. Rc8 Rd2+ 54. Ke4 b2 55. Rb8 Re2 56. Kf5 Rxe3 57. Rxb2 Rf3+ 58. Ke6 Nxg4 0-1

[Event "Central Asia Cup 2nd"]
[Site "Bishkek"]
[Date "2012.06.20"]
[Round "9"]
[White "Akylbekov, Nasyr"]
[Black "Takyrbashev, Bolot"]
[Result "0-1"]
[WhiteElo "2380"]
[BlackElo "2152"]
[PlyCount "82"]
[EventDate "2012.06.12"]
[EventType "swiss"]
[EventRounds "9"]
[EventCountry "KGZ"]
[SourceTitle "EXT 2013"]
[Source "ChessBase"]
[SourceDate "2012.11.22"]
[SourceVersion "1"]
[SourceVersionDate "2012.11.22"]
[SourceQuality "1"]

1. e4 e5 2. Nf3 Nc6 3. Nc3 Nf6 4. d4 exd4 5. Nxd4 Bb4 6. Nxc6 bxc6 7. Bd3 d5 8. exd5 cxd5 9. 0-0 0-0 10. Bg5 c6 11. Qf3 Be7 12. Rae1 h6 13. Bf4 Be6 14. Ne2 c5 15. Ng3 Bg4 16. Qe3 Re8 17. Qd2 Qb6 18. Bf5 Bxf5 19. Nxf5 Bf8 20. b3 Re6 21. Be5 Rae8 22. Bxf6 Rxe1 23. Rxe1 Rxe1+ 24. Qxe1 Qxf6 25. Ne3 Qb2 26. Nxd5 Qxc2 27. Qa1 Bd6 28. Ne3 Qe4 29. Qd1 Be5 30. Qc2 Qd4 31. g3 g6 32. Kg2 h5 33. Kf3 Kg7 34. Qc4 Qd6 35. Qe4 Qf6+ 36. Ke2 Bd4 37. h4 Qa6+ 38. Kf3 Qxa2 39. b4 Qe6 40. bxc5 Qxe4+ 41. Kxe4 Bxc5 0-1

[Event "Central Asia Cup 2nd"]
[Site "Bishkek"]
[Date "2012.06.15"]
[Round "4"]
[White "Takyrbashev, Bolot"]
[Black "Kuderinov, Kirill"]
[Result "0-1"]
[WhiteElo "2151"]
[BlackElo "2493"]
[PlyCount "66"]
[EventDate "2012.06.12"]
[EventType "swiss"]
[EventRounds "9"]
[EventCountry "KGZ"]
[SourceTitle "EXT 2013"]
[Source "ChessBase"]
[SourceDate "2012.11.22"]
[SourceVersion "1"]
[SourceVersionDate "2012.11.22"]
[SourceQuality "1"]

1. d4 Nf6 2. c4 g6 3. Nc3 Bg7 4. e4 0-0 5. Be2 d6 6. Bg5 a6 7. Qd2 Nc6 8. d5 Na7 9. h4 b5 10. f3 bxc4 11. Bxc4 Nb5 12. Bxb5 axb5 13. Nxb5 c6 14. dxc6 Qb6 15. a4 Ba6 16. Be3 Qxc6 17. Ne2 Bxb5 18. Nd4 Qd7 19. Nxb5 Qxb5 20. axb5 Rxa1+ 21. Kf2 Rxh1 22. b6 Nd7 23. Qd5 Rb1 24. b3 Nc5 25. Bxc5 dxc5 26. e5 e6 27. Qxc5 Rxb3 28. Qc7 Rb5 29. b7 Bxe5 30. Qc8 Rb2+ 31. Ke3 Rxg2 32. f4 Bb8 33. Kf3 Rg1 0-1

[Event "Central Asia Cup 2nd"]
[Site "Bishkek"]
[Date "2012.06.13"]
[Round "2"]
[White "Esenbek Uulu, Ilimbek"]
[Black "Takyrbashev, Bolot"]
[Result "0-1"]
[WhiteElo "2098"]
[BlackElo "2151"]
[PlyCount "54"]
[EventDate "2012.06.12"]
[EventType "swiss"]
[EventRounds "9"]
[EventCountry "KGZ"]
[SourceTitle "EXT 2013"]
[Source "ChessBase"]
[SourceDate "2012.11.22"]
[SourceVersion "1"]
[SourceVersionDate "2012.11.22"]
[SourceQuality "1"]

1. e4 c5 2. Nf3 Nc6 3. Bb5 e6 4. Bxc6 bxc6 5. c4 d5 6. exd5 cxd5 7. cxd5 Qxd5 8. 0-0 Bb7 9. d4 Nf6 10. Be3 Ng4 11. Nc3 Qc6 12. Ne1 Nxe3 13. fxe3 cxd4 14. Qxd4 f6 15. Qg4 f5 16. Qg3 Bd6 17. Qxg7 0-0-0 18. Nf3 Rhg8 19. Qf7 Rg6 20. Rac1 Bc5 21. Rc2 Rdg8 22. Qxh7 Bxe3+ 23. Kh1 Kb8 24. b4 Qc4 25. Rfc1 Bxc1 26. Rxc1 Rxg2 27. a3 Rg1+ 0-1